Statistiques concernant Asie: Monnaie par pays (Boites jaunes)

Cliquez ici pour prendre le quiz!

Statistiques générales

  • Ce quiz a été pris 101 fois
  • Le résultat moyen est 28 sur 48

Statistiques - réponses

PaysMonnaie% Correct
JaponYen
94%
IndeRoupie indienne
88%
ChineYuan Ren-Min-Bi
85%
ChypreEuro
82%
Corée du NordWon nord-coréen
79%
Corée du SudWon sud-coréen
76%
Arabie SaouditeRiyal saoudien
71%
Sri LankaRoupie srilankaise
71%
JordanieDinar jordanien
68%
KoweitDinar koweïtien
68%
TurquieLivre turque
68%
TaiwanNouveau dollar de Taïwan
68%
IndonesieRoupie indonésienne
68%
BahreinDinar bahreïni
65%
IrakDinar iraquien
65%
NépalRoupie népalaise
65%
AfghanistanAfghani
62%
Timor orientalAucune (Dollar américain)
62%
Singapourdollar singapourien
62%
VietnamDong
62%
LibanLivre libanaise
62%
IranRial iranien
62%
QatarRiyal qatarien
62%
IsraelShekel
62%
ThailandeBaht
59%
BruneiDollar brunéien
59%
PakistanRoupie pakistanaise
59%
OmanRial omanais
56%
SyrieLivre syrienne
53%
AzerbaidjanManat azerbaïdjanais
53%
PhilippinesPeso philippin
53%
YemenRiyal yéménite
53%
Émirats arabes unisDirham émirati
47%
ArmenieDram
47%
LaosKip
47%
GeorgieLari
47%
CambodgeRiel
47%
TurkmenistanManat turkmène
44%
MalaisieRinggit
44%
KirghizistanSom
44%
OuzbékistanSoum
41%
BangladeshTaka
41%
KazakhstanTenge
41%
MyanmarKyat
38%
BhoutanNgultrum
38%
TadjikistanSomoni
38%
MongolieTugrik
38%
MaldivesRufiyaa
24%

Distribution des résultats

Percentile par nombre de réponses

% des personnes avec chaque résultat

Votre développement - résultats

Vous n’avez pas pris ce quiz